[Event "HUN-chT2 Barcza 0607"]
[Site "Hungary"]
[Date "2007.03.04"]
[Round "6"]
[White "Barabas, Tibor"]
[Black "Herman, Tamas"]
[Result "0-1"]
[WhiteElo "2109"]
[BlackElo "2265"]
[PlyCount "25"]
[EventDate "2006.11.12"]
[EventType "team"]
[EventRounds "11"]
[EventCountry "HUN"]
[SourceTitle "EXT 2008"]
[Source "ChessBase"]
[SourceDate "2007.11.25"]
[SourceVersion "1"]
[SourceVersionDate "2007.11.25"]
[SourceQuality "1"]
[WhiteTeam "Mezokovesd"]
[BlackTeam "Tiszaujvaros"]
[WhiteTeamCountry "HUN"]
[BlackTeamCountry "HUN"]

1. e4 c5 2. Nf3 Nc6 3. Bb5 e6 4. 0-0 Qc7 5. d4 cxd4 6. Nxd4 Nf6 7. Re1 Nxd4 8. Qxd4 Bc5 9. Qd1 Qb6 10. Qe2 Nxe4 11. Qxe4 Bxf2+ 12. Kh1 Bxe1 13. Na3 0-1

[Event "HUN-chT2 Barcza 0607"]
[Site "Hungary"]
[Date "2006.12.17"]
[Round "4"]
[White "Herman, Tamas"]
[Black "Nagy, Kalman"]
[Result "1-0"]
[WhiteElo "2265"]
[BlackElo "2172"]
[PlyCount "51"]
[EventDate "2006.11.12"]
[EventType "team"]
[EventRounds "11"]
[EventCountry "HUN"]
[SourceTitle "EXT 2008"]
[Source "ChessBase"]
[SourceDate "2007.11.25"]
[SourceVersion "1"]
[SourceVersionDate "2007.11.25"]
[SourceQuality "1"]
[WhiteTeam "Tiszaujvaros"]
[BlackTeam "Miskolc EMSE II"]
[WhiteTeamCountry "HUN"]
[BlackTeamCountry "HUN"]

1. e4 c6 2. d4 d5 3. Nd2 dxe4 4. Nxe4 Nf6 5. Nxf6+ exf6 6. c3 Bd6 7. Bd3 Nd7 8. Ne2 Qc7 9. Ng3 Nf8 10. Qc2 Ng6 11. Bd2 0-0 12. 0-0-0 Be6 13. Kb1 Bf4 14. Bxf4 Qxf4 15. h4 Rfd8 16. h5 Nf8 17. Ne4 Bd5 18. h6 Bxe4 19. hxg7 Bg6 20. gxf8Q+ Kxf8 21. Bxg6 hxg6 22. Rh7 f5 23. Re1 Qd6 24. Qd3 Kg8 25. Qh3 Qf6 26. Qh6 1-0

[Event "HUN-chT2 Barcza 0506"]
[Site "Hungary"]
[Date "2006.02.26"]
[Round "8"]
[White "Herman, Tamas"]
[Black "Egri, Laszlo"]
[Result "0-1"]
[WhiteElo "2250"]
[BlackElo "2185"]
[PlyCount "140"]
[EventDate "2005.10.16"]
[EventType "team"]
[EventRounds "11"]
[EventCountry "HUN"]
[SourceTitle "EXT 2009"]
[Source "ChessBase"]
[SourceDate "2008.11.26"]
[SourceVersion "1"]
[SourceVersionDate "2008.11.26"]
[SourceQuality "1"]
[WhiteTeam "Tiszaujvaros"]
[BlackTeam "Pladany MAV"]
[WhiteTeamCountry "HUN"]
[BlackTeamCountry "HUN"]

1. e4 e5 2. Nf3 Nc6 3. c3 Nf6 4. d4 Nxe4 5. d5 Nb8 6. Nxe5 Qe7 7. Qd4 Nd6 8. Be2 Nf5 9. Qf4 g6 10. Nd3 d6 11. 0-0 Bg7 12. Re1 0-0 13. Bg4 Qd8 14. Nd2 h5 15. Bd1 Nd7 16. Bxh5 Bh6 17. Qf3 Nf6 18. g4 Nh4 19. Qg3 Nxd5 20. Ne4 Bxc1 21. Raxc1 gxh5 22. g5 Nf5 23. Qf3 Kg7 24. c4 Nde7 25. Nf4 Rh8 26. Qc3+ Kg8 27. Nxh5 Rxh5 28. Nf6+ Kf8 29. Nxh5 Ng6 30. Nf6 Be6 31. Rcd1 c5 32. Qf3 Rb8 33. a4 Nd4 34. Qh5 Ke7 35. Nd5+ Kd7 36. Nf6+ Kc6 37. Rxd4 cxd4 38. Qf3+ Kb6 39. a5+ Ka6 40. Qd3 Qxa5 41. c5+ b5 42. cxb6+ Kxb6 43. Qxd4+ Qc5 44. Qa4 Rc8 45. Ne4 Qc4 46. b4 Rc6 47. Qa5+ Kb7 48. b5 Rb6 49. Ra1 a6 50. bxa6+ Ka7 51. Qe1 Ne5 52. Qe3 Ng4 53. Qe1 d5 54. Ng3 Qf4 55. h3 Ne5 56. Qc3 Nf3+ 57. Kg2 Nh4+ 58. Kg1 Bxh3 59. Kh2 Bg4 60. Qc5 Nf3+ 61. Kg2 Qd6 62. Qxd6 Rxd6 63. Ra4 Bd7 64. Ra5 Nxg5 65. Ne2 Ne6 66. Kg3 d4 67. Kf3 d3 68. Nc3 d2 69. Nd1 Nc7 70. Ke2 Be6 0-1

[Event "HUN-chT2 Barcza 0506"]
[Site "Hungary"]
[Date "2006.02.12"]
[Round "7"]
[White "Mate, Balazs"]
[Black "Herman, Tamas"]
[Result "0-1"]
[WhiteElo "2171"]
[BlackElo "2250"]
[PlyCount "122"]
[EventDate "2005.10.16"]
[EventType "team"]
[EventRounds "11"]
[EventCountry "HUN"]
[SourceTitle "EXT 2009"]
[Source "ChessBase"]
[SourceDate "2008.11.26"]
[SourceVersion "1"]
[SourceVersionDate "2008.11.26"]
[SourceQuality "1"]
[WhiteTeam "Piremon II"]
[BlackTeam "Tiszaujvaros"]
[WhiteTeamCountry "HUN"]
[BlackTeamCountry "HUN"]

1. d4 c5 2. dxc5 e6 3. Nc3 Bxc5 4. Ne4 d5 5. Nxc5 Qa5+ 6. Bd2 Qxc5 7. e4 Nf6 8. exd5 Nxd5 9. Nf3 Nc6 10. a3 a5 11. c4 Nf6 12. Be3 Qh5 13. Nd4 Qe5 14. Nxc6 bxc6 15. Qd4 Qxd4 16. Bxd4 0-0 17. Be2 Re8 18. Bxf6 gxf6 19. 0-0-0 c5 20. Bf3 Ra6 21. Rd2 Rb6 22. Rhd1 Ba6 23. Rd6 Rxd6 24. Rxd6 Bxc4 25. Rc6 Bb3 26. Rxc5 a4 27. Kd2 Kg7 28. Be2 f5 29. Bc4 Rd8+ 30. Kc3 Bd1 31. Bb5 Kf6 32. f4 h5 33. g3 Rh8 34. Kd2 Rd8+ 35. Bd3 Bb3 36. Kc3 h4 37. gxh4 Rh8 38. Bc2 Rxh4 39. Bxb3 Rh3+ 40. Kb4 Rxb3+ 41. Kxa4 Rxb2 42. h3 Kg6 43. Ka5 Rb3 44. a4 Rxh3 45. Kb5 Rb3+ 46. Kc6 Rb4 47. a5 Rxf4 48. a6 Ra4 49. Kb6 f4 50. a7 Rxa7 51. Kxa7 f6 52. Kb6 e5 53. Kc6 Kf5 54. Kd5 f3 55. Rc1 e4 56. Kd4 Kf4 57. Rh1 f2 58. Rf1 e3 59. Kd3 Kf3 60. Rh1 f5 61. Rb1 e2 0-1

[Event "HUN-chT2 Barcza 0405"]
[Site "Hungary"]
[Date "2005.04.10"]
[Round "10"]
[White "Radics, Laszlo"]
[Black "Herman, Tamas"]
[Result "1-0"]
[WhiteElo "2144"]
[BlackElo "2240"]
[PlyCount "99"]
[EventDate "2004.09.26"]
[EventType "team"]
[EventRounds "11"]
[EventCountry "HUN"]
[SourceTitle "EXT 2009"]
[Source "ChessBase"]
[SourceDate "2008.11.26"]
[SourceVersion "1"]
[SourceVersionDate "2008.11.26"]
[SourceQuality "1"]
[WhiteTeam "Szabolcs Volan"]
[BlackTeam "Tiszaujvaros"]
[WhiteTeamCountry "HUN"]
[BlackTeamCountry "HUN"]

1. e4 c5 2. Nf3 Nc6 3. d4 cxd4 4. Nxd4 Qc7 5. Nc3 e6 6. Be3 a6 7. Nxc6 bxc6 8. Bd3 Nf6 9. 0-0 h5 10. h3 c5 11. Qe2 Be7 12. Rad1 d6 13. Bg5 Rb8 14. b3 Qa5 15. Bd2 Qb6 16. e5 dxe5 17. Qxe5 Nd7 18. Qe2 Bb7 19. Bf4 Rd8 20. Be4 Nf6 21. Rxd8+ Bxd8 22. Na4 Qb4 23. Bxb7 Qxb7 24. Nxc5 Qc6 25. Nxa6 Nd5 26. Bd2 Be7 27. Qc4 Kd7 28. Qxc6+ Kxc6 29. c4 Nf6 30. b4 Rc8 31. Rc1 Kb7 32. b5 Ba3 33. Rc2 Ne4 34. Bb4 Bxb4 35. Nxb4 Kb6 36. f3 Nd6 37. Nc6 Kc5 38. Ne5 Kd4 39. Nc6+ Kc5 40. a4 f6 41. a5 e5 42. a6 Re8 43. Kf2 h4 44. Ke2 Nc8 45. a7 Nb6 46. Nb8 Na8 47. Nd7+ Kd6 48. b6 Kxd7 49. b7 Kc7 50. Rb2 1-0

[Event "HUN-chT2 Barcza 0203"]
[Site "Hungary"]
[Date "2003.03.23"]
[Round "9"]
[White "Filep, Tibor"]
[Black "Herman, Tamas"]
[Result "0-1"]
[WhiteElo "2244"]
[BlackElo "2242"]
[PlyCount "110"]
[EventDate "2002.09.22"]
[EventType "team"]
[EventRounds "11"]
[EventCountry "HUN"]
[SourceTitle "EXT 2009"]
[Source "ChessBase"]
[SourceDate "2008.11.26"]
[SourceVersion "1"]
[SourceVersionDate "2008.11.26"]
[SourceQuality "1"]

1. d4 Nf6 2. c4 c5 3. d5 b5 4. cxb5 a6 5. bxa6 Bxa6 6. Nc3 d6 7. g3 g6 8. Bg2 Bg7 9. Nh3 0-0 10. Nf4 Nbd7 11. h4 h5 12. 0-0 Qb8 13. Qc2 Ne5 14. Rb1 Rc8 15. b3 Ra7 16. Bd2 Rb7 17. Rfc1 Rcc7 18. Na4 Nfg4 19. Ba5 Rc8 20. Bc3 c4 21. Be1 Bb5 22. Nc3 cxb3 23. Qxb3 Ba6 24. Qd1 Nc4 25. Rxb7 Qxb7 26. Nd3 Nce5 27. Nxe5 Nxe5 28. Qb3 Qc7 29. Rb1 Nd7 30. Nb5 Qb6 31. a4 Rb8 32. Qa3 Be5 33. e3 Nc5 34. Bf1 Qb7 35. Qa2 Qd7 36. Qc4 Rc8 37. Qb4 Qf5 38. Kg2 Bb7 39. f3 Bxd5 40. e4 Nxe4 41. Bd3 Be6 42. Qxe4 Qh3+ 43. Kg1 Bxg3 44. Bxg3 Qxg3+ 45. Kh1 Bf5 46. Qe3 Qxh4+ 47. Kg1 Bxd3 48. Qxd3 Rc5 49. Nc3 Rg5+ 50. Kf1 Qh2 51. Ne2 Qh3+ 52. Ke1 Qh4+ 53. Kd2 Qxa4 54. Rb8+ Kh7 55. Qc3 Rd5+ 0-1

[Event "HUN-chT2 Barcza 0203"]
[Site "Hungary"]
[Date "2003.02.16"]
[Round "7"]
[White "Acs, Gabor"]
[Black "Herman, Tamas"]
[Result "0-1"]
[WhiteElo "2206"]
[BlackElo "2242"]
[PlyCount "46"]
[EventDate "2002.09.22"]
[EventType "team"]
[EventRounds "11"]
[EventCountry "HUN"]
[SourceTitle "EXT 2009"]
[Source "ChessBase"]
[SourceDate "2008.11.26"]
[SourceVersion "1"]
[SourceVersionDate "2008.11.26"]
[SourceQuality "1"]

1. e4 c5 2. c3 d5 3. exd5 Qxd5 4. d4 Nf6 5. Nf3 e6 6. Bd3 Nc6 7. 0-0 Be7 8. c4 Qd8 9. dxc5 Bxc5 10. Nc3 0-0 11. Bg5 h6 12. Bh4 b6 13. Qe2 Bb7 14. Rad1 Qc7 15. Bxf6 gxf6 16. Ne4 Be7 17. Qe3 Ne5 18. Nxe5 Qxe5 19. Qxh6 Bxe4 20. Rde1 f5 21. Re3 Bf6 22. Rfe1 Bg7 23. Rg3 Qxg3 0-1

[Event "HUN-chT2 Barcza 0203"]
[Site "Hungary"]
[Date "2002.11.24"]
[Round "3"]
[White "Siger, Imre Csaba"]
[Black "Herman, Tamas"]
[Result "0-1"]
[WhiteElo "2046"]
[BlackElo "2242"]
[PlyCount "62"]
[EventDate "2002.09.22"]
[EventType "team"]
[EventRounds "11"]
[EventCountry "HUN"]
[SourceTitle "EXT 2009"]
[Source "ChessBase"]
[SourceDate "2008.11.26"]
[SourceVersion "1"]
[SourceVersionDate "2008.11.26"]
[SourceQuality "1"]

1. Nf3 c5 2. g3 Nf6 3. Bg2 g6 4. c4 Bg7 5. Nc3 Nc6 6. d4 cxd4 7. Nxd4 0-0 8. 0-0 Qb6 9. Ndb5 a6 10. Na4 Qa5 11. Bd2 Qd8 12. Nbc3 Ne5 13. Qb3 d6 14. Nb6 Rb8 15. Rac1 Nfd7 16. Ncd5 e6 17. Nxc8 exd5 18. Nxd6 Nc5 19. Qa3 Qxd6 20. cxd5 b6 21. f4 Ng4 22. h3 Nf6 23. Bb4 Rfe8 24. Qxa6 Qe7 25. Bxc5 bxc5 26. Rc2 Qe3+ 27. Kh2 Qd4 28. Qd3 Ne4 29. Bxe4 Rxe4 30. Rd1 Qf2+ 31. Kh1 Rd4 0-1

[Event "HUN-chT3 0102"]
[Site "Hungary"]
[Date "2001.10.14"]
[Round "2.2"]
[White "Herman, Tamas"]
[Black "Butunoi, Alexandru Victor"]
[Result "0-1"]
[WhiteElo "2242"]
[BlackElo "2365"]
[PlyCount "84"]
[EventDate "2001.09.30"]
[EventType "team"]
[EventRounds "11"]
[EventCountry "HUN"]
[SourceTitle "EXT 2004"]
[Source "ChessBase"]
[SourceDate "2003.11.25"]
[SourceVersion "1"]
[SourceVersionDate "2003.11.25"]
[SourceQuality "1"]

1. e4 c5 2. Nc3 Nc6 3. g3 g6 4. Bg2 Bg7 5. d3 e6 6. Be3 b6 7. Qd2 Rb8 8. f4 Nge7 9. Nf3 d5 10. exd5 exd5 11. d4 0-0 12. 0-0-0 Bg4 13. Ne2 Nf5 14. Bf2 Nfxd4 15. Nexd4 cxd4 16. h3 Bxf3 17. Bxf3 Rc8 18. Kb1 a5 19. g4 Qd7 20. Rc1 Qd6 21. Rhd1 b5 22. Be2 Rb8 23. h4 a4 24. Bd3 b4 25. b3 a3 26. h5 Qc5 27. g5 Rfe8 28. Rh1 Re3 29. Rce1 Rbe8 30. hxg6 hxg6 31. f5 gxf5 32. Bxf5 R8e5 33. Bd3 Rf3 34. g6 f5 35. Bh4 Ree3 36. Bg5 Ne5 37. Rxe3 dxe3 38. Qh2 Nxg6 39. Qb8+ Nf8 40. Bh6 Qd4 41. c3 bxc3 42. Rc1 Rf2 0-1

[Event "HUN-chT3 0001"]
[Site "Hungary"]
[Date "2001.02.25"]
[Round "7.3"]
[White "Menyhart, Tibor"]
[Black "Herman, Tamas"]
[Result "0-1"]
[WhiteElo "2273"]
[BlackElo "2213"]
[PlyCount "106"]
[EventDate "2000.10.29"]
[EventType "team"]
[EventRounds "11"]
[EventCountry "HUN"]
[SourceTitle "EXT 2007"]
[Source "ChessBase"]
[SourceDate "2006.11.23"]
[SourceVersion "1"]
[SourceVersionDate "2006.11.23"]
[SourceQuality "1"]

1. d4 Nf6 2. c4 c5 3. d5 b5 4. cxb5 a6 5. e3 Bb7 6. Nc3 e6 7. bxa6 Bxd5 8. Nxd5 Nxd5 9. Ne2 Be7 10. e4 Nb4 11. a3 N4c6 12. Be3 0-0 13. g3 Ne5 14. Nc3 d6 15. f4 Nec6 16. Bb5 Bf6 17. 0-0 Nd4 18. Qd3 Qb6 19. Rab1 Nxa6 20. Bc4 Nc7 21. g4 g6 22. Kg2 Rfd8 23. Ba2 Qc6 24. Kg3 Bg7 25. h4 Kh8 26. h5 gxh5 27. g5 f5 28. Rh1 fxe4 29. Nxe4 Nf5+ 30. Kh3 d5 31. Ng3 c4 32. Qe2 h4 33. Nxf5 exf5 34. Qf3 Qa6 35. Kxh4 Ne6 36. Kg3 Kg8 37. Qh5 Nf8 38. Bc5 Qg6 39. Qh2 Ne6 40. Bb4 Nxg5 41. Rbg1 Re8 42. Qh4 Re3+ 43. Kf2 Rf3+ 44. Ke2 Qe6+ 45. Kd1 Rd3+ 46. Kc1 Qe3+ 47. Kb1 Qd4 48. Qh2 Nh3 49. Rc1 Rb8 50. Ka1 Rxb4 51. Bxc4 Rxa3+ 52. Ba2 Rxa2+ 53. Kxa2 Rxb2+ 0-1

[Event "HUN-chT3 0001"]
[Site "Hungary"]
[Date "2000.11.26"]
[Round "3.3"]
[White "Herman, Tamas"]
[Black "Szarvas, Peter"]
[Result "1-0"]
[WhiteElo "2213"]
[BlackElo "2201"]
[PlyCount "54"]
[EventDate "2000.10.29"]
[EventType "team"]
[EventRounds "11"]
[EventCountry "HUN"]
[SourceTitle "EXT 2007"]
[Source "ChessBase"]
[SourceDate "2006.11.23"]
[SourceVersion "1"]
[SourceVersionDate "2006.11.23"]
[SourceQuality "1"]

1. e4 c6 2. d4 d5 3. Nd2 g6 4. Ngf3 Nf6 5. e5 Nh5 6. Nb3 a5 7. a4 Ng7 8. Bh6 Ne6 9. Qd2 Nd7 10. h4 Qb6 11. h5 Rg8 12. hxg6 hxg6 13. Be3 Bg7 14. Qd3 Qc7 15. Nbd2 b6 16. c4 Bb7 17. Qb3 Rc8 18. Bd3 Rh8 19. Rxh8+ Bxh8 20. Nh4 Bxe5 21. dxe5 d4 22. 0-0-0 Ndc5 23. Qc2 dxe3 24. Ndf3 g5 25. Bg6 gxh4 26. Bxf7+ Kxf7 27. Qf5+ Kg7 1-0

[Event "HUN-chT3 0001"]
[Site "Hungary"]
[Date "2000.10.29"]
[Round "1.3"]
[White "Herman, Tamas"]
[Black "Feher, Tamas"]
[Result "1-0"]
[WhiteElo "2213"]
[BlackElo "2133"]
[PlyCount "27"]
[EventDate "2000.10.29"]
[EventType "team"]
[EventRounds "11"]
[EventCountry "HUN"]
[SourceTitle "EXT 2007"]
[Source "ChessBase"]
[SourceDate "2006.11.23"]
[SourceVersion "1"]
[SourceVersionDate "2006.11.23"]
[SourceQuality "1"]

1. e4 c5 2. Nc3 e6 3. Nge2 d5 4. exd5 exd5 5. d4 cxd4 6. Nxd4 Nf6 7. Bg5 Be7 8. Bb5+ Bd7 9. Qd3 Nc6 10. 0-0-0 0-0 11. Nf5 Bxf5 12. Qxf5 Qa5 13. Bxf6 Bxf6 14. Bd3 1-0

[Event "HUN-chT3 9900"]
[Site "Hungary"]
[Date "2000.02.13"]
[Round "7"]
[White "Zabiak, Jozsef"]
[Black "Herman, Tamas"]
[Result "1-0"]
[WhiteElo "2077"]
[BlackElo "2212"]
[PlyCount "52"]
[EventDate "1999.09.26"]
[EventType "team"]
[EventRounds "11"]
[EventCountry "HUN"]
[SourceTitle "EXT 2002"]
[Source "ChessBase"]
[SourceDate "2001.11.25"]
[SourceVersion "1"]
[SourceVersionDate "2001.11.25"]
[SourceQuality "1"]

1. e4 c5 2. Nf3 e6 3. c3 d5 4. exd5 Qxd5 5. Na3 Nf6 6. d4 a6 7. Nc4 Nbd7 8. Be3 Ng4 9. h3 Nxe3 10. Nxe3 Qd6 11. d5 Nb6 12. Bc4 Nxc4 13. Nxc4 Qd8 14. Qc2 b5 15. Ne3 Bd6 16. Nf5 0-0 17. dxe6 Bxe6 18. Nxd6 Qxd6 19. 0-0 Bc4 20. Rad1 Qf4 21. Rfe1 Rad8 22. Qc1 Qc7 23. Ne5 Bd5 24. c4 bxc4 25. Nxc4 Qb7 26. Ne3 Be4 1-0

[Event "Tapolca op"]
[Site "Budapest"]
[Date "2000.01.14"]
[Round "8"]
[White "Herman, Tamas"]
[Black "Hudecz, Viktor"]
[Result "1-0"]
[WhiteElo "2213"]
[BlackElo "2175"]
[PlyCount "79"]
[EventDate "2000.01.07"]
[EventType "swiss"]
[EventRounds "9"]
[EventCountry "HUN"]
[SourceTitle "EXT 2001"]
[Source "ChessBase"]
[SourceDate "2000.11.22"]
[SourceVersion "1"]
[SourceVersionDate "2000.11.22"]
[SourceQuality "1"]

1. e4 c5 2. Nc3 d6 3. g3 g6 4. Bg2 Bg7 5. d3 e5 6. Be3 Ne7 7. Qd2 Nbc6 8. Bh6 Bxh6 9. Qxh6 Nd4 10. Qd2 Be6 11. f4 Qd7 12. Nf3 Bh3 13. fxe5 Nxf3+ 14. Bxf3 dxe5 15. Qe3 Qd4 16. Qd2 Bd7 17. 0-0-0 b5 18. Kb1 b4 19. Nd5 Nxd5 20. exd5 Bg4 21. Bxg4 Qxg4 22. Rde1 0-0 23. Rxe5 Rad8 24. Qe3 f6 25. Re4 Qc8 26. Re7 Qf5 27. Qh6 Rf7 28. Rxf7 Kxf7 29. Qxh7+ Kf8 30. Re1 Rd7 31. Qh8+ Kf7 32. b3 c4 33. dxc4 g5 34. Re8 Qf1+ 35. Kb2 Kg6 36. Qg8+ Rg7 37. Qe6 Qf2 38. Qe4+ f5 39. Re6+ Kh7 40. Qe5 1-0

[Event "HUN-chT3 9900"]
[Site "Hungary"]
[Date "1999.10.17"]
[Round "3"]
[White "Baranyai, Szabolcs Jr"]
[Black "Herman, Tamas"]
[Result "1-0"]
[WhiteElo "2249"]
[BlackElo "2212"]
[PlyCount "67"]
[EventDate "1999.09.26"]
[EventType "team"]
[EventRounds "11"]
[EventCountry "HUN"]
[SourceTitle "EXT 2002"]
[Source "ChessBase"]
[SourceDate "2001.11.25"]
[SourceVersion "1"]
[SourceVersionDate "2001.11.25"]
[SourceQuality "1"]

1. e4 c5 2. b3 b6 3. Bb2 Bb7 4. Nc3 e6 5. Nf3 d6 6. d4 cxd4 7. Nxd4 a6 8. Bd3 Nf6 9. Qe2 Nbd7 10. 0-0-0 Be7 11. f4 Qc7 12. g4 Nc5 13. g5 Nfd7 14. h4 Nxd3+ 15. cxd3 d5 16. Kb1 0-0 17. Qg4 Bc5 18. Nf3 b5 19. f5 exf5 20. exf5 Rac8 21. Ne2 Rfe8 22. Ned4 Nf8 23. f6 g6 24. h5 Rcd8 25. hxg6 fxg6 26. Rc1 Qd6 27. Qh4 Bc8 28. Rc2 Bb6 29. Rc6 Qb8 30. f7+ Kxf7 31. Rf6+ Kg8 32. Rxf8+ Kxf8 33. Qh6+ Ke7 34. Nc6+ 1-0